| 000 | 00527nam a2200205uu 4500 | ||
|---|---|---|---|
| 001 | WIIW0000188 | ||
| 003 | OSt | ||
| 005 | 20241011114101.0 | ||
| 007 | tu | ||
| 008 | 241011t2020 xxk||||| ||||||0| | eng d | ||
| 020 | _a978-92-9238-927-7 | ||
| 040 | _cOSt | ||
| 041 | _aeng | ||
| 100 | _dJosep Borrell Fontelles | ||
| 245 | 0 | 0 | _aEuropean Foreign Policy in Times of Covid-19 |
| 260 |
_aLuxembourg _bPublication Office of the European Union _c2021 |
||
| 300 |
_a301 S. ; _c21,5 cm. |
||
| 651 | _aEuropean Union | ||
| 942 |
_cB _2z |
||
| 999 |
_c9061 _d9061 |
||